<?xml version="1.0" encoding="UTF-8"?>
<record
    xmlns:xsi="http://www.w3.org/2001/XMLSchema-instance"
    xsi:schemaLocation="http://www.loc.gov/MARC21/slim http://www.loc.gov/standards/marcxml/schema/MARC21slim.xsd"
    xmlns="http://www.loc.gov/MARC21/slim">

  <leader>01292nam a22002657a 4500</leader>
  <controlfield tag="003">OSt</controlfield>
  <controlfield tag="005">20260611111001.0</controlfield>
  <controlfield tag="008">181114b           ||||| |||| 00| 0 eng d</controlfield>
  <datafield tag="040" ind1=" " ind2=" ">
    <subfield code="a">uce</subfield>
    <subfield code="b">Spa</subfield>
    <subfield code="c">uce</subfield>
    <subfield code="e">RDA</subfield>
  </datafield>
  <datafield tag="082" ind1=" " ind2=" ">
    <subfield code="a">TP CD 378 S232f 2018</subfield>
  </datafield>
  <datafield tag="100" ind1=" " ind2=" ">
    <subfield code="9">211</subfield>
    <subfield code="a">Santana &#xC1;vila, Mar&#xED;a Filomena</subfield>
  </datafield>
  <datafield tag="245" ind1=" " ind2=" ">
    <subfield code="a">Formaci&#xF3;n profesional y demanda laboral en educaci&#xF3;n superior : caso aplicado a los estudiantes del &#xE1;rea de educaci&#xF3;n b&#xE1;sica concentraci&#xF3;n matem&#xE1;ticas y ciencias naturales Universidad Central del Este (UCE) /  </subfield>
    <subfield code="c">Mar&#xED;a Filomena Santana &#xC1;vila; asesor Santiago Reyes</subfield>
  </datafield>
  <datafield tag="260" ind1=" " ind2=" ">
    <subfield code="a">San Pedro de Macor&#xED;s :</subfield>
    <subfield code="b">Universidad Central del Este</subfield>
  </datafield>
  <datafield tag="300" ind1=" " ind2=" ">
    <subfield code="a">1 CD-ROM</subfield>
  </datafield>
  <datafield tag="502" ind1=" " ind2=" ">
    <subfield code="a">Tesis (Mag&#xED;ster en Educaci&#xF3;n Superior, Menci&#xF3;n Gesti&#xF3;n)-- Universidad Central del Este, 2018</subfield>
  </datafield>
  <datafield tag="504" ind1=" " ind2=" ">
    <subfield code="a">Incluye bibliograf&#xED;a, &#xED;ndice y anexos </subfield>
  </datafield>
  <datafield tag="650" ind1=" " ind2=" ">
    <subfield code="a">Educaci&#xF3;n superior - Tesis y disertaciones acad&#xE9;micas</subfield>
  </datafield>
  <datafield tag="650" ind1=" " ind2=" ">
    <subfield code="a">Formaci&#xF3;n profesional</subfield>
  </datafield>
  <datafield tag="650" ind1=" " ind2=" ">
    <subfield code="a">Mercado laboral</subfield>
  </datafield>
  <datafield tag="650" ind1=" " ind2=" ">
    <subfield code="a">Tesis y disertaciones acad&#xE9;micas</subfield>
  </datafield>
  <datafield tag="650" ind1=" " ind2=" ">
    <subfield code="a">TP 8023</subfield>
  </datafield>
  <datafield tag="700" ind1=" " ind2=" ">
    <subfield code="a">Reyes, Santiago, asesor</subfield>
  </datafield>
  <datafield tag="856" ind1=" " ind2=" ">
    <subfield code="q">DOC</subfield>
    <subfield code="u">https://universidaduce-my.sharepoint.com/:b:/g/personal/bibliotecadigital_uce_edu_do/EZoiFAIZoARPk__traO5bVkB1J-BiXWMIRLO5vVewqxlTg?e=IEfnkp</subfield>
    <subfield code="y">Descarga en PDF</subfield>
  </datafield>
  <datafield tag="942" ind1=" " ind2=" ">
    <subfield code="2">ddc</subfield>
    <subfield code="c">TH</subfield>
  </datafield>
  <datafield tag="999" ind1=" " ind2=" ">
    <subfield code="c">14655</subfield>
    <subfield code="d">14655</subfield>
  </datafield>
  <datafield tag="952" ind1=" " ind2=" ">
    <subfield code="0">0</subfield>
    <subfield code="1">0</subfield>
    <subfield code="2">ddc</subfield>
    <subfield code="4">0</subfield>
    <subfield code="7">0</subfield>
    <subfield code="a">RII</subfield>
    <subfield code="b">RII</subfield>
    <subfield code="d">2026-06-11</subfield>
    <subfield code="l">0</subfield>
    <subfield code="r">2026-06-11 11:09:23</subfield>
    <subfield code="w">2026-06-11</subfield>
    <subfield code="y">TED</subfield>
  </datafield>
</record>
